| 000 -LEADER |
| fixed length control field |
01206cam a22003257a 4500 |
| 020 ## - INTERNATIONAL STANDARD BOOK NUMBER |
| ISBN |
9780761838197 (pbk. : alk. paper) |
| 020 ## - INTERNATIONAL STANDARD BOOK NUMBER |
| ISBN |
0761838198 (pbk. : alk. paper) |
| 040 ## - CATALOGING SOURCE |
| Transcribing agency |
NLM |
| 082 00 - DEWEY DECIMAL CLASSIFICATION NUMBER |
| Classification number |
362 ROT 2005 C162 Or. |
| 245 00 - TITLE STATEMENT |
| Title |
Philanthropic foundations and the globalization of scientific medicine and public health : |
| Remainder of title |
proceedings of a conference jointly sponsored by Quinnipiac University and the Rockefeller Archive Center with additional support from the Dreyfus Health Foundation / |
| 260 ## - PUBLICATION, DISTRIBUTION, ETC. (IMPRINT) |
| Place of publication |
Lanham, Md. : |
| Name of publisher |
University Press of America, |
| Year of publication |
c2007. |
| 300 ## - PHYSICAL DESCRIPTION |
| Number of Pages |
xviii, 195 p. : |
| Other physical details |
ill. ; |
| Dimensions |
23 cm. |
| 650 #0 - SUBJECT ADDED ENTRY--TOPICAL TERM |
| Topical Term |
Public health |
| 650 #0 - SUBJECT ADDED ENTRY--TOPICAL TERM |
| Topical Term |
Public health |
| 650 #0 - SUBJECT ADDED ENTRY--TOPICAL TERM |
| Topical Term |
Medical policy |
| 650 #0 - SUBJECT ADDED ENTRY--TOPICAL TERM |
| Topical Term |
Medical policy |
| 650 #0 - SUBJECT ADDED ENTRY--TOPICAL TERM |
| Topical Term |
World health |
| 650 12 - SUBJECT ADDED ENTRY--TOPICAL TERM |
| Topical Term |
World Health |
| 650 22 - SUBJECT ADDED ENTRY--TOPICAL TERM |
| Topical Term |
Fund Raising |
| 650 22 - SUBJECT ADDED ENTRY--TOPICAL TERM |
| Topical Term |
Health Policy |
| 650 22 - SUBJECT ADDED ENTRY--TOPICAL TERM |
| Topical Term |
History, 20th Century |
| 650 22 - SUBJECT ADDED ENTRY--TOPICAL TERM |
| Topical Term |
International Cooperation |
| 650 22 - SUBJECT ADDED ENTRY--TOPICAL TERM |
| Topical Term |
Public Health Administration |
| 700 1# - ADDED ENTRY--PERSONAL NAME |
| Personal name |
Page, Benjamin B. |
| 700 1# - ADDED ENTRY--PERSONAL NAME |
| Personal name |
Valone, David A. |
| 710 2# - ADDED ENTRY--CORPORATE NAME |
| Corporate name or jurisdiction name as entry element |
Quinnipiac University. |
| 710 2# - ADDED ENTRY--CORPORATE NAME |
| Corporate name or jurisdiction name as entry element |
Rockefeller Archive Center. |
| 856 41 - ELECTRONIC LOCATION AND ACCESS |
| Uniform Resource Identifier |
http://www.loc.gov/catdir/toc/fy0803/2007926459.html |
| 942 ## - ADDED ENTRY ELEMENTS (KOHA) |
| Koha item type |
ADB |
| 952 ## - LOCATION AND ITEM INFORMATION (KOHA) |
| Withdrawn status [LOCAL, KOHA] |
0 |